All Governors of Georgia - Statistics

General Stats
  • This quiz has been taken 8 times
  • The average score is 24 of 91
Answer Stats
Years Served Party Governor % Correct
2019 - Present Republican Brian Kemp
100%
1991 - 1999 Democrat Zell Miller
100%
1933 - 1937 Democrat Eugene Talmadge
80%
1941 - 1943 Democrat Eugene Talmadge
80%
(Elect Who died before taking office) Democrat Eugene Talmadge
80%
1947 Democrat Herman Talmadge
80%
1948 - 1955 Democrat Herman Talmadge
80%
1853 - 1857 Democrat Herschel V. Johnson
80%
1865 Not Applicable James Johnson
80%
1971 - 1975 Democrat Jimmy Carter
80%
1967 - 1971 Democrat Lester Maddox
80%
2011 - 2019 Republican Nathan Deal
80%
1931 - 1933 Democrat Richard B. Russell Jr.
80%
2003 - 2011 Republican Sonny Perdue
80%
1843 - 1847 Whig George W. Crawford
60%
1955 - 1959 Democrat Marvin Griffin
60%
1999 - 2003 Democrat Roy Barnes
60%
1963 - 1967 Democrat Carl Sanders
40%
1798 - 1801 Democratic Republican James Jackson
40%
1872 - 1877 Democrat James Milton Smith
40%
1907 - 1909 Democrat M. Hoke Smith
40%
1911 Democrat M. Hoke Smith
40%
1882 - 1883 Democrat Alexander H. Stephens
20%
1877 - 1882 Democrat Alfred H. Colquitt
20%
1776 - 1777 None Archibald Bulloch
20%
1871 - 1872 Republican Benjamin F. Conley
20%
1777 None Button Gwinnett
20%
1839 - 1843 Democrat Charles James McDonald
20%
1923 - 1927 Democrat Clifford Walker
20%
1809 - 1813 Democratic Republican David Brydie Mitchell
20%
1815 - 1817 Democratic Republican David Brydie Mitchell
20%
1943 - 1947 Democrat Ellis Arnall
20%
1959 - 1963 Democrat Ernest Vandiver
20%
1975 - 1983 Democrat George Busbee
20%
1829 - 1831 Democratic Republican George Rockingham Gilmer
20%
1837 - 1839 Whig George Rockingham Gilmer
20%
1779 - 1780 None George Walton
20%
1789 Democratic Republican George Walton
20%
1851 - 1853 Constitutional Union Howell Cobb
20%
1883 Democrat James S. Boynton
20%
1796 - 1798 Democratic Republican Jared Irwin
20%
1806 - 1809 Democratic Republican Jared Irwin
20%
1983 - 1991 Democrat Joe Frank Harris
20%
1886 - 1890 Democrat John B. Gordon
20%
1819 - 1823 Democratic Republican John Clark
20%
1778 None John Houstoun
20%
1784 - 1785 None John Houstoun
20%
1802 - 1806 Democratic Republican John Milledge
20%
1779 None John Wereat
20%
1857 - 1865 Democrat Joseph E. Brown
20%
1909 - 1911 Democrat Joseph Mackey Brown
20%
1912 - 1913 Democrat Joseph Mackey Brown
20%
1902 - 1907 Democrat Joseph M. Terrell
20%
1819 Democratic Republican Matthew Talbot
20%
1947 - 1948 Democrat Melvin E. Thompson
20%
1781 - 1782 None Nathan Brownson
20%
1915 - 1917 Democrat Nathaniel Edwin Harris
20%
1813 - 1815 Democratic Republican Peter Early
20%
1780 None Richard Howly
20%
1868 - 1871 Republican Rufus Bullock
20%
1780 - 1781 None Stephen Heard
20%
1921 - 1923 Democrat Thomas W. Hardwick
20%
1835 - 1837 Democrat William Schley
20%
1894 - 1898 Democrat William Yates Atkinson
20%
1831 - 1835 Democrat Wilson Lumpkin
20%
1898 - 1902 Democrat Allen D. Candler
0%
1865 - 1868 Democrat Charles J. Jenkins
0%
1801 Democratic Republican David Emanuel
0%
1786 - 1787 None Edward Telfair
0%
1789 - 1793 Democratic Republican Edward Telfair
0%
1937 - 1941 Democrat Eurith D. Rivers
0%
1788 - 1789 None George Handley
0%
1787 - 1788 None George Mathews
0%
1793 - 1796 Democratic Repubilcan George Mathews
0%
1823 - 1827 Democratic Republican George Troup
0%
1780 None George Wells
0%
1847 - 1851 Democrat George W. Towns
0%
1883 - 1886 Democrat Henry Dickerson McDaniel
0%
1917 - 1921 Democrat Hugh Dorsey
0%
1777 -1778 None John A. Treutlen
0%
1827 - 1829 Democratic Republican John Forsyth
0%
1782 - 1783 None John Martin
0%
1911 - 1912 Democrat John M. Slaton
0%
1913 - 1915 Democrat John M. Slaton
0%
1801 - 1802 Democratic Republican Josiah Tattnall
0%
1921 - 1931 Democrat Lamartine Griffin Hardman
0%
1783 - 1784 None Lyman Hall
0%
1785 - 1786 None Samuel Elbert
0%
1868 Not Applicable Thomas H. Ruger
0%
1890 - 1894 Democrat William J. Northen
0%
1817 - 1819 Democratic Republican William Rabun
0%
No matching quizzes found
Score Distribution
Percent of People with Each Score
Percentile by Number Answered
Your Score History
You have not taken this quiz